000 01383nam0a22003131 4500
001 rc\2749794
005 20250529144427.0
035 _a(NLR Aleph) 006876720
090 _a7004521
_c7004521
100 _a20110915d1939 |||y0rusy50 ca
101 0 _arus
102 _aRU
105 _aa z |||||
200 1 _aТихвинский район за годы сталинских пятилеток
_fМ. И. Подгорский, Е. И. Негин, П. В. Федосеев, Г. И. Иванов
210 _a[Ленинград]
_cЛениздат
_d1939
215 _a92 с.
_cил.
_d17 см.
225 1 _aК выборам в местные Советы депутатов трудящихся
300 _aНа тит. л. авторы: Подгорский М. И., Негин Е. И., Федосеев П. В., Иванов Г. И.; на обл. авторы не указаны
300 _aЗагл. обл.: Тихвинский район Ленинградской области
512 0 _aТихвинский район Ленинградской области
702 1 _aФедосеев
_bП.В.
_4570
702 1 _aИванов
_bГ.И.
_4570
702 1 _aНегин
_bЕ.И.
_4570
702 1 _aПодгорский
_bМ.И.
_4570
801 0 _aRU
_bNLR
_gpsbo
801 1 _aRU
_bELAR
_2rusmarc
852 _aNLR
_j39-9/1950
942 _cBOOK
980 _aNB